| 000 | 00371nam a2200133Ia 4500 | ||
|---|---|---|---|
| 008 | 220204s9999 xx 000 0 und d | ||
| 082 |
_a581.2 _bANN.45 |
||
| 100 | _aVan Alfew, Neal K | ||
| 245 | 0 | _aAnnual review of phytopathology, 2007. v. 45 | |
| 260 |
_aPalo Alto _bAnnual Review _c2007 |
||
| 650 | _aBacteriophages | ||
| 650 | _aPlant disease prediction | ||
| 942 | _cBK | ||
| 999 |
_c42706 _d42706 |
||